000 00714nam a22002057a 4500
005 20251108171739.0
008 250721s1992 xx 000 0 ara d
082 1 4 _a371.77/ويل
100 1 _aويليامز، تريفور
245 1 0 _aالطعام و البيئة و الصحة :
_bمرشد لمعلمي المدارس الإبتدائية /
264 1 _aالإسكندرية :
_bالمكتب الإقليمي لشرق البحر المتوسط،
_c1992.
300 _a129ص
650 1 7 _aالصحة المدرسية
650 1 7 _aالصحة
650 1 7 _aالتغذية
700 1 _aمور، اليسون
700 1 _aساوثامتبون، مارغريت
942 _2ddc
_cBK
999 _c61468
_d61468